书目信息 |
| 题名: |
深入浅出SSD
|
|
| 作者: | 阿呆 著 | |
| 分册: | ||
| 出版信息: | 北京 机械工业出版社 2018 |
|
| 页数: | 15,330页 | |
| 开本: | 24cm | |
| 丛书名: | ||
| 单 册: | ||
| 中图分类: | TP333 , TP3 | |
| 科图分类: | ||
| 主题词: | 存储技术--研究 , 计算技术 , 电子计算机 | |
| 电子资源: | ||
| ISBN: | 978-7-111-59979-1 | |
| 000 | 01008nam0 2200277 450 | |
| 001 | 2260185400 | |
| 005 | 20220921164347.80 | |
| 010 | @a978-7-111-59979-1@dCNY89.00 | |
| 100 | @a20181129d2018 em y0chiy50 ea | |
| 101 | 0 | @achi |
| 102 | @aCN@b110000 | |
| 105 | @aa z 000yy | |
| 200 | 1 | @a深入浅出SSD@9shen ru qian chu SSD@e固态存储核心技术、原理与实战@f阿呆[等]著 |
| 210 | @a北京@c机械工业出版社@d2018 | |
| 215 | @a15,330页@c图@d24cm | |
| 304 | @a著者还有:蛋蛋、Marx、胡波、SSD攻城狮 | |
| 330 | @a本书从产品、技术和应用3个维度全面、详细地讲解了SSD的发展历史、产品形态、工作原理、整体架构,以及各个功能模块的原理和使用,从SSD的前端接口协议到FTL算法,再到后端的闪存和纠错,本书都有涉及。 | |
| 517 | 1 | @a固态存储核心技术、原理与实战@9gu tai cun chu he xin ji shu、yuan li yu shi zhan |
| 606 | 0 | @a存储技术@x研究 |
| 606 | 0 | @a计算技术 |
| 606 | 0 | @a电子计算机 |
| 690 | @aTP333@v5 | |
| 690 | @aTP3@v4 | |
| 701 | 0 | @a阿呆@9a dai@4著 |
| 801 | 0 | @aCN@b91MARC@c20181129 |
| 905 | @aZUCC@dTP3@e96 | |
| 深入浅出SSD:固态存储核心技术、原理与实战/阿呆[等]著.-北京:机械工业出版社,2018 |
| 15,330页:图;24cm |
| ISBN 978-7-111-59979-1:CNY89.00 |
| 本书从产品、技术和应用3个维度全面、详细地讲解了SSD的发展历史、产品形态、工作原理、整体架构,以及各个功能模块的原理和使用,从SSD的前端接口协议到FTL算法,再到后端的闪存和纠错,本书都有涉及。 |
| ● |
| 相关链接 |
|
|
|
正题名:深入浅出SSD
索取号:TP3/96
 
预约/预借
| 序号 | 登录号 | 条形码 | 馆藏地/架位号 | 状态 | 备注 |
| 1 | 2000900896 | 2000900896 | 第三书库/ [索取号:TP3/96] | 在馆 | |
| 2 | 2000900897 | 2000900897 | 第三书库/ [索取号:TP3/96] | 在馆 | |
| 3 | 2000900898 | 2000900898 | 第三书库/ [索取号:TP3/96] | 在馆 |